Study Guide and Workbook Production and Operations Management Concepts, Models, and Behavior

Guardado en:
Detalles Bibliográficos
Autor principal: Weeks, James K.
Otros Autores: Adam, Everett E., Ebert, Ronald J.
Formato: Libro
Lenguaje:inglés
Publicado: Englewood Cliffs Prentice Hall 1982
Edición:2. ed.
Materias:
Etiquetas: Agregar Etiqueta
Sin Etiquetas, Sea el primero en etiquetar este registro!

MARC

LEADER 00000nam a2200000 4500
001 c010802
005 20221207075103.0
020 |a 0-13-724922-5 
041 0 |a eng 
044 |a US 
245 1 0 |a Study Guide and Workbook Production and Operations Management  |b Concepts, Models, and Behavior  |c James K. Weeks, Everett E. Adam, Ronald J. Ebert 
250 |a 2. ed. 
264 1 |a Englewood Cliffs  |b Prentice Hall  |c 1982 
300 |a 191 s. 
610 2 0 |a výroba 
610 2 0 |a manažment 
610 2 0 |a riadenie operatívne 
610 2 0 |a analýza procesov výrobných 
610 2 0 |a plánovanie výroby 
610 2 0 |a modely riadenia 
610 2 0 |a správanie 
100 1 |a Weeks, James K. 
700 1 |a Adam, Everett E. 
700 1 |a Ebert, Ronald J.